プロ野球スピリッツAの全変化球 - Statistics

General Stats
  • This quiz has been taken 191 times
    157 since last reset
  • The average score is 32 of 76
Answer Stats
変化球名 % Correct
ストレート
99%
スライダー
93%
カーブ
93%
フォーク
86%
カットボール
84%
チェンジアップ
81%
ナックル
81%
シンカー
80%
シュート
79%
ツーシームファスト
78%
高速スライダー
76%
ナックルカーブ
75%
縦スライダー
71%
火の玉ストレート
70%
高速シンカー
70%
スラーブ
69%
パワーカーブ
69%
真っスラ
67%
スプリット
67%
SFF
66%
スイーパー
60%
パーム
57%
サークルチェンジ
57%
ナチュラルシュート
56%
ワンシーム
56%
高速シュート
56%
イーファスピッチ
55%
石直球
53%
シンキングファスト
51%
超スローカーブ
51%
ムービングファスト
49%
スロースライダー
48%
高速カーブ
47%
スクリュー
47%
Dカーブ
44%
ドロップ
42%
縦カット
38%
スローシンカー
38%
フォースラ
36%
スローボール
35%
超高速シンカー
33%
スプリットチェンジ
33%
シンキングスプリット
33%
ジャイロフォーク
33%
チェンジオブペース
31%
こやシン
31%
高速チェンジアップ
28%
マエケンスライダー
27%
カツオカーブ
26%
シェイク
24%
高速スクリュー
24%
かとフォ
23%
オージーカーブ
22%
マッスルカーブ
21%
スロースクリュー
21%
スラッター
19%
ハンマーカーブ
19%
スライドパーム
19%
スローサークルチェンジ
19%
スプリーム
19%
スローチェンジアップ
18%
嘉弥真ボール
17%
バニッシュボール
15%
超高速スクリュー
15%
バルカンチェンジ
15%
HHシンカー
15%
パワーフォーク
13%
ジャイロスプリット
13%
スローカープ
11%
シューシン
10%
スパイクカーブ
10%
ヨシボール
8%
パワーチェンジ
7%
ナックルスライダー
7%
ラビットボール
5%
超スローカープ
3%
No matching quizzes found
Score Distribution
Percent of People with Each Score
Percentile by Number Answered
Your Score History
You have not taken this quiz since the last reset